[Event "WCO2014"]
[Site "Tromso"]
[Date "2014.08.09"]
[Round "7.26"]
[WhiteID "15200515"]
[White "Handjaba Mclean"]
[BlackID "19700202"]
[Black "Su Haifeng"]
[Result "1-0"]
[LiveChessVersion "1.4.3"]
[BlackElo "1724"]
[WhiteElo "2139"]

1. e4 {[%clk 1:30:57]} c6 {[%clk 1:31:00]} 2. d4 {[%clk 1:31:23]} d5
{[%clk 1:31:28]} 3. Nd2 {[%clk 1:31:36]} dxe4 {[%clk 1:31:51]} 4. Nxe4
{[%clk 1:31:53]} Bf5 {[%clk 1:32:19]} 5. Ng3 {[%clk 1:31:56]} Bg6
{[%clk 1:32:41]} 6. Nf3 {[%clk 1:32:12]} Nd7 {[%clk 1:33:05]} 7. Bd3
{[%clk 1:31:58]} Bxd3 {[%clk 1:33:26]} 8. Qxd3 {[%clk 1:32:15]} Ngf6
{[%clk 1:33:55]} 9. Bd2 {[%clk 1:29:37]} e6 {[%clk 1:34:21]} 10. O-O
{[%clk 1:27:40]} Be7 {[%clk 1:34:47]} 11. c4 {[%clk 1:26:58]} O-O
{[%clk 1:33:37]} 12. Bc3 {[%clk 1:25:26]} Qc7 {[%clk 1:29:51]} 13. Rac1
{[%clk 1:21:00]} Rad8 {[%clk 1:27:01]} 14. Rfd1 {[%clk 1:16:36]} Qb8
{[%clk 1:22:31]} 15. Qe2 {[%clk 1:13:00]} Rfe8 {[%clk 1:16:48]} 16. Ne5
{[%clk 1:00:27]} Nxe5 {[%clk 1:08:14]} 17. dxe5 {[%clk 1:00:32]} Nd7
{[%clk 1:06:54]} 18. f4 {[%clk 0:53:17]} Nf8 {[%clk 1:04:54]} 19. Qg4
{[%clk 0:49:51]} Ng6 {[%clk 1:02:11]} 20. Ne4 {[%clk 0:44:47]} Rxd1+
{[%clk 0:59:04]} 21. Rxd1 {[%clk 0:45:15]} Rd8 {[%clk 0:58:25]} 22. Rf1
{[%clk 0:38:45]} Rd3 {[%clk 0:51:13]} 23. f5 {[%clk 0:30:33]} Nxe5
{[%clk 0:34:11]} 24. Qh5 {[%clk 0:23:43]} g6 {[%clk 0:08:03]} 25. fxg6
{[%clk 0:21:51]} Nxg6 {[%clk 0:08:30]} 26. Bf6 {[%clk 0:08:11]} Bxf6
{[%clk 0:06:55]} 27. Nxf6+ {[%clk 0:08:37]} Kf8 {[%clk 0:07:21]} 28. Qxh7
{[%clk 0:07:13]} Qd8 {[%clk 0:07:08]} 29. Nd5 {[%clk 0:05:14]} f5
{[%clk 0:02:59]} 30. Qxg6 {[%clk 0:04:40]} cxd5 {[%clk 0:03:14]} 31. Rxf5+
{[%clk 0:02:19]} exf5 {[%clk 0:03:22]} 32. Qxf5+ {[%clk 0:02:48]} Ke7
{[%clk 0:03:46]} 33. Qxd3 {[%clk 0:02:58]} Qb6+ {[%clk 0:03:42]} 34. Kf1
{[%clk 0:01:55]} dxc4 {[%clk 0:03:03]} 35. Qxc4 {[%clk 0:01:12]} Qf6+
{[%clk 0:03:07]} 36. Ke1 {[%clk 0:00:59]} Qe5+ {[%clk 0:03:16]} 1-0

[Event "WCO2014"]
[Site "Tromso"]
[Date "2014.08.09"]
[Round "7.25"]
[WhiteID "19700288"]
[White "Varona-Thomas Maria"]
[BlackID "15200035"]
[Black "Oberholzer Rex"]
[Result "0-1"]
[LiveChessVersion "1.4.3"]
[BlackElo "2099"]
[WhiteElo "1777"]

1. e4 {[%clk 1:30:56]} c5 {[%clk 1:30:49]} 2. Nf3 {[%clk 1:31:23]} a6
{[%clk 1:31:01]} 3. d4 {[%clk 1:31:43]} cxd4 {[%clk 1:31:27]} 4. Nxd4
{[%clk 1:32:09]} Nf6 {[%clk 1:31:44]} 5. Nc3 {[%clk 1:32:32]} e5 {[%clk 1:32:02]}
6. Nb3 {[%clk 1:31:24]} Nc6 {[%clk 1:32:06]} 7. Be2 {[%clk 1:30:22]} Bb4
{[%clk 1:32:02]} 8. Bg5 {[%clk 1:09:34]} Bxc3+ {[%clk 1:31:11]} 9. bxc3
{[%clk 1:09:56]} d6 {[%clk 1:31:28]} 10. Qd3 {[%clk 1:01:27]} h6 {[%clk 1:29:08]}
11. Bxf6 {[%clk 0:56:40]} Qxf6 {[%clk 1:28:19]} 12. Rd1 {[%clk 0:55:45]} Ke7
{[%clk 1:27:40]} 13. O-O {[%clk 0:56:01]} Rd8 {[%clk 1:27:37]} 14. a4
{[%clk 0:55:59]} Be6 {[%clk 1:27:32]} 15. Qg3 {[%clk 0:47:46]} g5
{[%clk 1:10:28]} 16. c4 {[%clk 0:40:00]} Rac8 {[%clk 0:44:09]} 17. Qc3
{[%clk 0:34:56]} Qf4 {[%clk 0:37:05]} 18. f3 {[%clk 0:33:06]} h5 {[%clk 0:33:09]}
19. g3 {[%clk 0:33:07]} Qf6 {[%clk 0:33:18]} 20. Rd2 {[%clk 0:32:35]} h4
{[%clk 0:29:26]} 21. g4 {[%clk 0:28:36]} Qf4 {[%clk 0:28:22]} 22. Rfd1
{[%clk 0:27:51]} Ke8 {[%clk 0:24:47]} 23. Rxd6 {[%clk 0:26:58]} h3
{[%clk 0:24:00]} 24. Rxd8+ {[%clk 0:25:30]} Rxd8 {[%clk 0:24:23]} 25. Rxd8+
{[%clk 0:24:01]} Kxd8 {[%clk 0:24:33]} 26. Qd3+ {[%clk 0:21:40]} Kc7
{[%clk 0:23:30]} 27. c3 {[%clk 0:21:20]} Qf6 {[%clk 0:21:19]} 28. Bf1
{[%clk 0:17:10]} Qe7 {[%clk 0:20:05]} 29. Qc2 {[%clk 0:11:50]} Qa3
{[%clk 0:19:47]} 30. Nc1 {[%clk 0:10:27]} Na5 {[%clk 0:19:14]} 31. Bxh3
{[%clk 0:07:42]} Qc5+ {[%clk 0:18:17]} 32. Qf2 {[%clk 0:08:01]} Qxc4
{[%clk 0:18:20]} 33. Qe3 {[%clk 0:06:53]} f6 {[%clk 0:18:17]} 34. Bf1
{[%clk 0:06:07]} Qxa4 {[%clk 0:18:20]} 35. Qc5+ {[%clk 0:05:51]} Nc6
{[%clk 0:18:08]} 36. Qf8 {[%clk 0:05:38]} Qd1 {[%clk 0:17:26]} 37. Ne2
{[%clk 0:03:40]} Bc4 {[%clk 0:17:40]} 38. Kf2 {[%clk 0:04:06]} Qd6
{[%clk 0:17:02]} 39. Qg7+ {[%clk 0:03:41]} Kb6 {[%clk 0:16:54]} 40. Qh8
{[%clk 0:02:53]} a5 {[%clk 0:16:50]} 41. Qa8 {[%clk 0:03:00]} Qc5+
{[%clk 0:16:39]} 42. Kg2 {[%clk 0:02:52]} Qe3 {[%clk 0:12:16]} 43. Ng3
{[%clk 0:02:27]} Bxf1+ {[%clk 0:12:28]} 44. Nxf1 {[%clk 0:02:55]} Qe2+
{[%clk 0:12:43]} 45. Kg1 {[%clk 0:03:13]} Qxf3 {[%clk 0:12:58]} 46. Qg8
{[%clk 0:03:28]} Qxg4+ {[%clk 0:13:09]} 47. Ng3 {[%clk 0:03:57]} Qd1+
{[%clk 0:13:17]} 48. Kg2 {[%clk 0:04:26]} Qc2+ {[%clk 0:12:47]} 49. Kh3
{[%clk 0:04:37]} Qxc3 {[%clk 0:12:55]} 50. Qa2 {[%clk 0:04:48]} Nd4
{[%clk 0:07:58]} 51. Qf2 {[%clk 0:05:12]} Qf3 {[%clk 0:07:34]} 52. Qb2+
{[%clk 0:03:55]} Ka6 {[%clk 0:07:16]} 53. Qa2 {[%clk 0:03:17]} Qb3
{[%clk 0:06:48]} 54. Qf2 {[%clk 0:03:44]} Qe6+ {[%clk 0:05:36]} 55. Kg2
{[%clk 0:04:08]} b5 {[%clk 0:05:44]} 56. Nf5 {[%clk 0:03:51]} Nxf5 57. exf5 Qd5+
{[%clk 0:06:04]} 58. Kf1 {[%clk 0:04:23]} a4 {[%clk 0:05:58]} 59. h4
{[%clk 0:03:26]} gxh4 {[%clk 0:06:05]} 60. Qe3 {[%clk 0:02:37]} Qc4+
{[%clk 0:06:11]} 61. Ke1 {[%clk 0:01:31]} b4 {[%clk 0:05:20]} 62. Qh6
{[%clk 0:01:15]} Qe4+ {[%clk 0:05:16]} 63. Kd1 {[%clk 0:01:23]} Qd4+
{[%clk 0:04:15]} 64. Ke2 {[%clk 0:29:51]} e4 {[%clk 0:34:57]} 65. Qf8
{[%clk 0:29:35]} a3 {[%clk 0:34:27]} 66. Qa8+ {[%clk 0:29:23]} Kb5
{[%clk 0:34:40]} 67. Qe8+ {[%clk 0:25:08]} Kc4 {[%clk 0:34:17]} 68. Qe6+
{[%clk 0:16:10]} Kc3 {[%clk 0:34:09]} 69. Qa2 {[%clk 0:15:38]} Qd3+
{[%clk 0:34:23]} 70. Ke1 {[%clk 0:13:40]} Qe3+ {[%clk 0:34:06]} 71. Kf1
{[%clk 0:12:15]} Qc1+ {[%clk 0:34:15]} 0-1

[Event "WCO2014"]
[Site "Tromso"]
[Date "2014.08.09"]
[Round "7.1"]
[WhiteID "1018000"]
[White "Blijstra Wim"]
[BlackID "10700072"]
[Black "Holland Christopher"]
[Result "1-0"]
[LiveChessVersion "1.4.3"]
[BlackElo "2270"]
[WhiteElo "2201"]

1. d4 {[%clk 1:30:55]} Nf6 {[%clk 1:30:55]} 2. c4 {[%clk 1:31:08]} g6
{[%clk 1:31:21]} 3. Nc3 {[%clk 1:31:33]} Bg7 {[%clk 1:31:45]} 4. e4
{[%clk 1:31:52]} d6 {[%clk 1:32:12]} 5. f3 {[%clk 1:32:01]} O-O {[%clk 1:32:33]}
6. Be3 {[%clk 1:32:27]} e5 {[%clk 1:32:46]} 7. Nge2 {[%clk 1:32:31]} c6
{[%clk 1:32:10]} 8. Qd2 {[%clk 1:32:25]} Nbd7 {[%clk 1:32:07]} 9. d5
{[%clk 1:22:13]} c5 {[%clk 1:30:03]} 10. g4 {[%clk 1:22:02]} a6 {[%clk 1:25:49]}
11. Ng3 {[%clk 1:22:05]} b5 {[%clk 1:04:56]} 12. cxb5 {[%clk 1:17:06]} Nb6
{[%clk 1:02:58]} 13. h4 {[%clk 1:14:36]} axb5 {[%clk 1:00:43]} 14. Bxb5
{[%clk 1:12:08]} Ba6 {[%clk 1:01:07]} 15. Bxa6 {[%clk 1:12:16]} Rxa6
{[%clk 1:01:34]} 16. b3 {[%clk 1:12:34]} c4 {[%clk 0:52:25]} 17. b4
{[%clk 1:12:20]} Na4 {[%clk 0:52:40]} 18. h5 {[%clk 1:08:25]} Nxc3
{[%clk 0:45:09]} 19. Qxc3 {[%clk 1:08:53]} Qa8 {[%clk 0:45:20]} 20. a3
{[%clk 0:59:46]} Nxd5 {[%clk 0:41:45]} 21. exd5 {[%clk 0:57:56]} Qxd5
{[%clk 0:41:47]} 22. Ne4 {[%clk 0:57:52]} f5 {[%clk 0:41:53]} 23. gxf5
{[%clk 0:57:35]} gxf5 {[%clk 0:40:09]} 24. Rd1 {[%clk 0:56:02]} Qa8
{[%clk 0:38:25]} 25. Qxc4+ {[%clk 0:54:57]} Kh8 {[%clk 0:37:30]} 26. h6
{[%clk 0:54:35]} Bf6 {[%clk 0:34:50]} 27. Nxf6 {[%clk 0:53:20]} Qxf3
{[%clk 0:33:33]} 28. Qxa6 {[%clk 0:53:31]} Qxh1+ {[%clk 0:33:52]} 29. Kd2
{[%clk 0:53:59]} Qg2+ {[%clk 0:33:48]} 30. Qe2 {[%clk 0:53:59]} Qxe2+
{[%clk 0:34:12]} 31. Kxe2 {[%clk 0:54:24]} Rxf6 {[%clk 0:34:35]} 32. Rc1
{[%clk 0:54:47]} Kg8 {[%clk 0:32:59]} 33. Rc8+ {[%clk 0:55:04]} Kf7
{[%clk 0:33:27]} 34. Rc7+ {[%clk 0:55:27]} Ke6 {[%clk 0:33:51]} 35. Rxh7
{[%clk 0:55:41]} f4 {[%clk 0:34:18]} 36. Bf2 {[%clk 0:55:48]} Kd5
{[%clk 0:31:22]} 37. b5 {[%clk 0:53:01]} Ke4 {[%clk 0:30:20]} 38. b6
{[%clk 0:53:21]} 1-0

[Event "WCO2014"]
[Site "Tromso"]
[Date "2014.08.09"]
[Round "7.2"]
[WhiteID "10700110"]
[White "Hamperl Fred"]
[BlackID "7500122"]
[Black "Maduro Sherman"]
[Result "0-1"]
[LiveChessVersion "1.4.3"]
[BlackElo "1993"]
[WhiteElo "2119"]

1. e4 {[%clk 1:30:58]} Nf6 {[%clk 1:29:21]} 2. e5 {[%clk 1:31:11]} Nd5
{[%clk 1:29:50]} 3. d4 {[%clk 1:31:13]} Nc6 {[%clk 1:29:46]} 4. f4
{[%clk 1:25:31]} d6 {[%clk 1:29:56]} 5. Nf3 {[%clk 1:24:19]} dxe5
{[%clk 1:28:23]} 6. dxe5 {[%clk 1:23:50]} Bg4 {[%clk 1:28:31]} 7. Be2
{[%clk 1:20:49]} e6 {[%clk 1:28:39]} 8. c4 {[%clk 1:12:01]} Bb4+ {[%clk 1:27:01]}
9. Kf1 {[%clk 1:09:14]} Nb6 {[%clk 1:21:48]} 10. b3 {[%clk 0:56:32]} Qxd1+
{[%clk 1:18:01]} 11. Bxd1 {[%clk 0:57:00]} O-O-O {[%clk 1:18:07]} 12. Kf2
{[%clk 0:52:30]} Rhf8 {[%clk 1:14:30]} 13. Be3 {[%clk 0:45:23]} f6
{[%clk 1:11:40]} 14. exf6 {[%clk 0:45:36]} Rxf6 {[%clk 1:07:05]} 15. Nbd2
{[%clk 0:40:50]} e5 {[%clk 1:04:59]} 16. Ne4 {[%clk 0:38:15]} Rff8
{[%clk 1:01:05]} 17. Kg3 {[%clk 0:38:15]} Bf5 {[%clk 0:56:45]} 18. Nf2
{[%clk 0:32:17]} exf4+ {[%clk 0:55:41]} 19. Bxf4 {[%clk 0:32:28]} Bc3
{[%clk 0:55:44]} 20. Rc1 {[%clk 0:29:21]} Bb2 {[%clk 0:55:28]} 21. Rc2
{[%clk 0:28:11]} Bxc2 {[%clk 0:55:03]} 22. Bxc2 {[%clk 0:28:39]} Nd4
{[%clk 0:49:39]} 23. Nxd4 {[%clk 0:27:18]} Bxd4 {[%clk 0:49:54]} 24. Ne4
{[%clk 0:25:47]} h6 {[%clk 0:48:18]} 25. h4 {[%clk 0:24:31]} Nd7 {[%clk 0:47:10]}
26. h5 {[%clk 0:22:29]} Nf6 {[%clk 0:43:03]} 27. Nd2 {[%clk 0:20:54]} Rde8
{[%clk 0:39:23]} 28. Nf3 {[%clk 0:20:08]} Ne4+ {[%clk 0:37:43]} 29. Bxe4
{[%clk 0:14:30]} Rxe4 {[%clk 0:38:10]} 30. Nxd4 {[%clk 0:14:19]} Rxd4
{[%clk 0:38:37]} 31. Rh4 {[%clk 0:11:19]} a5 {[%clk 0:34:47]} 32. Rg4
{[%clk 0:10:36]} a4 {[%clk 0:34:49]} 33. Kf3 {[%clk 0:08:18]} axb3
{[%clk 0:34:59]} 34. axb3 {[%clk 0:08:41]} Rf7 {[%clk 0:32:50]} 35. Ke3
{[%clk 0:08:33]} Rfd7 {[%clk 0:32:08]} 36. Rg6 {[%clk 0:05:31]} c5
{[%clk 0:29:23]} 37. Re6 {[%clk 0:03:26]} Rd3+ {[%clk 0:27:14]} 38. Ke4
{[%clk 0:03:42]} R3d4+ {[%clk 0:23:24]} 39. Ke5 {[%clk 0:03:23]} Rf7
{[%clk 0:23:17]} 40. g3 {[%clk 0:02:17]} Rd1 {[%clk 0:21:23]} 41. Rb6
{[%clk 0:22:30]} Kc7 {[%clk 0:49:38]} 42. Ke6+ {[%clk 0:15:07]} Rxf4
{[%clk 0:48:52]} 0-1

[Event "WCO2014"]
[Site "Tromso"]
[Date "2014.08.09"]
[Round "7.3"]
[WhiteID "7500041"]
[White "Izijk Jimmy"]
[BlackID "10700099"]
[Black "Rowe Peter"]
[Result "1/2-1/2"]
[LiveChessVersion "1.4.3"]
[BlackElo "1976"]
[WhiteElo "2026"]

1. d4 {[%clk 1:30:58]} d6 {[%clk 1:30:54]} 2. c4 {[%clk 1:30:45]} Nf6
{[%clk 1:31:17]} 3. Nc3 {[%clk 1:31:10]} Nbd7 {[%clk 1:31:23]} 4. e4
{[%clk 1:31:19]} e5 {[%clk 1:31:18]} 5. d5 {[%clk 1:31:13]} Nc5 {[%clk 1:29:27]}
6. f3 {[%clk 1:29:33]} a5 {[%clk 1:29:23]} 7. Be3 {[%clk 1:29:06]} b6
{[%clk 1:27:54]} 8. Nge2 {[%clk 1:26:50]} Be7 {[%clk 1:27:43]} 9. Nc1
{[%clk 1:26:48]} Nfd7 {[%clk 1:25:36]} 10. Nd3 {[%clk 1:24:35]} Bg5
{[%clk 1:20:26]} 11. Qd2 {[%clk 1:24:08]} Bxe3 {[%clk 1:19:55]} 12. Qxe3
{[%clk 1:24:35]} Nxd3+ {[%clk 1:20:11]} 13. Bxd3 {[%clk 1:24:52]} Nc5
{[%clk 1:20:23]} 14. O-O {[%clk 1:23:41]} O-O {[%clk 1:20:10]} 15. b3
{[%clk 1:20:37]} f5 {[%clk 1:13:02]} 16. exf5 {[%clk 1:20:47]} Nxd3
{[%clk 1:11:30]} 17. Qxd3 {[%clk 1:21:05]} Bxf5 {[%clk 1:07:48]} 18. Qe3
{[%clk 1:19:06]} Qh4 {[%clk 1:04:03]} 19. Qf2 {[%clk 1:10:05]} Qh6
{[%clk 1:01:03]} 20. Rfe1 {[%clk 1:10:02]} Rae8 {[%clk 1:00:33]} 21. Ne4
{[%clk 1:06:18]} Bxe4 {[%clk 0:56:19]} 22. Rxe4 {[%clk 1:06:42]} Rf4
{[%clk 0:56:06]} 23. Rae1 {[%clk 1:05:19]} Ref8 {[%clk 0:56:02]} 24. R1e3
{[%clk 1:00:01]} Rxe4 {[%clk 0:50:17]} 25. Rxe4 {[%clk 1:00:24]} Qc1+
{[%clk 0:50:18]} 26. Qe1 {[%clk 0:51:06]} Qxe1+ {[%clk 0:48:25]} 27. Rxe1
{[%clk 0:51:34]} Rf4 {[%clk 0:48:05]} 28. Re4 {[%clk 0:51:58]} Kf7
{[%clk 0:47:00]} 29. Kf2 {[%clk 0:51:24]} Kf6 {[%clk 0:45:49]} 30. Ke3
{[%clk 0:46:42]} Rxe4+ {[%clk 0:33:03]} 31. Kxe4 {[%clk 0:46:18]} Kg5
{[%clk 0:30:33]} 32. a3 {[%clk 0:45:40]} Kg6 {[%clk 0:26:43]} 33. f4
{[%clk 0:39:18]} exf4 {[%clk 0:26:49]} 34. Kxf4 {[%clk 0:39:46]} Kf6
{[%clk 0:24:09]} 35. h4 {[%clk 0:25:27]} g6 {[%clk 0:10:57]} 36. g4
{[%clk 0:23:57]} h6 {[%clk 0:08:52]} 37. g5+ {[%clk 0:11:22]} hxg5+
{[%clk 0:09:00]} 38. hxg5+ {[%clk 0:11:50]} Ke7 {[%clk 0:08:53]} 39. Ke4
{[%clk 0:12:20]} Kd7 {[%clk 0:05:08]} 40. b4 {[%clk 0:12:23]} axb4
{[%clk 0:04:51]} 41. axb4 {[%clk 0:12:49]} Ke7 {[%clk 0:02:57]} 42. Kd4
{[%clk 0:12:50]} Kd7 {[%clk 0:03:00]} 43. c5 {[%clk 0:11:30]} b5 {[%clk 0:02:31]}
44. Ke4 {[%clk 0:11:01]} Ke7 {[%clk 0:02:33]} 45. Kf4 {[%clk 0:10:08]} Kd7
1/2-1/2

[Event "WCO2014"]
[Site "Tromso"]
[Date "2014.08.09"]
[Round "7.48"]
[WhiteID "2229560"]
[White "Muniz Pardino Alberto"]
[BlackID "15800059"]
[Black "Banlock Benjamin Didier"]
[Result "1/2-1/2"]
[LiveChessVersion "1.4.3"]
[BlackElo "2054"]
[WhiteElo "2106"]

1. e4 {[%clk 1:30:57]} c5 {[%clk 1:30:48]} 2. Nf3 {[%clk 1:30:06]} d6
{[%clk 1:31:10]} 3. c3 {[%clk 1:30:00]} d5 {[%clk 1:29:43]} 4. exd5
{[%clk 1:29:53]} Qxd5 {[%clk 1:30:01]} 5. d4 {[%clk 1:30:09]} cxd4
{[%clk 1:27:57]} 6. cxd4 {[%clk 1:30:11]} Bg4 {[%clk 1:26:22]} 7. Nc3
{[%clk 1:24:10]} Qd8 {[%clk 1:25:07]} 8. Qa4+ {[%clk 1:20:29]} Bd7
{[%clk 1:24:05]} 9. Qb3 {[%clk 1:19:35]} Nc6 {[%clk 1:22:51]} 10. Bf4
{[%clk 1:10:43]} Na5 {[%clk 1:21:33]} 11. Qd1 {[%clk 1:08:42]} e6
{[%clk 1:20:01]} 12. Bd3 {[%clk 1:06:22]} Bb4 {[%clk 1:19:01]} 13. O-O
{[%clk 1:05:49]} Ne7 {[%clk 1:18:23]} 14. Ne4 {[%clk 0:56:50]} Nd5
{[%clk 1:14:47]} 15. Be5 {[%clk 0:42:41]} f6 {[%clk 1:10:05]} 16. Bg3
{[%clk 0:39:34]} O-O {[%clk 1:07:53]} 17. a3 {[%clk 0:38:27]} Be7
{[%clk 1:06:52]} 18. Ned2 {[%clk 0:30:08]} Nc6 {[%clk 1:04:53]} 19. Re1
{[%clk 0:29:46]} g5 {[%clk 0:57:36]} 20. h3 {[%clk 0:23:45]} a6 {[%clk 0:54:26]}
21. Nb3 {[%clk 0:20:13]} Qb6 {[%clk 0:52:45]} 22. Rc1 {[%clk 0:19:01]} Rae8
{[%clk 0:52:06]} 23. Re2 {[%clk 0:17:15]} Rf7 {[%clk 0:50:00]} 24. Nc5
{[%clk 0:16:48]} Bxc5 {[%clk 0:46:10]} 25. dxc5 {[%clk 0:17:09]} Qd8
{[%clk 0:46:31]} 26. Bc4 {[%clk 0:16:26]} Nce7 {[%clk 0:46:44]} 27. Bd6
{[%clk 0:14:41]} Qc8 {[%clk 0:45:09]} 28. Qd2 {[%clk 0:13:48]} Bc6
{[%clk 0:41:41]} 29. Nd4 {[%clk 0:11:48]} Bd7 {[%clk 0:41:44]} 30. Rce1
{[%clk 0:10:57]} Ng6 {[%clk 0:40:01]} 31. Nxe6 {[%clk 0:08:00]} Bxe6
{[%clk 0:29:36]} 32. Rxe6 {[%clk 0:07:44]} Rxe6 {[%clk 0:29:27]} 33. Rxe6
{[%clk 0:05:12]} Qxe6 {[%clk 0:29:30]} 34. Qxd5 {[%clk 0:05:18]} Qxd5
{[%clk 0:29:46]} 35. Bxd5 {[%clk 0:05:46]} Kg7 {[%clk 0:30:07]} 36. Bxf7
{[%clk 0:05:28]} Kxf7 {[%clk 0:30:31]} 37. Kf1 {[%clk 0:05:18]} Ke6
{[%clk 0:30:55]} 38. Ke2 {[%clk 0:03:25]} f5 {[%clk 0:21:54]} 39. g3
{[%clk 0:02:33]} Nh8 {[%clk 0:19:19]} 40. Kd3 {[%clk 0:01:38]} Nf7
{[%clk 0:18:33]} 41. Bb8 {[%clk 0:28:24]} Kd5 {[%clk 0:49:15]} 42. b4
{[%clk 0:28:06]} Nd8 {[%clk 0:48:46]} 43. f3 {[%clk 0:24:08]} Nc6
{[%clk 0:44:30]} 44. Bd6 {[%clk 0:21:36]} h5 {[%clk 0:37:51]} 45. f4
{[%clk 0:06:22]} g4 {[%clk 0:33:38]} 46. hxg4 {[%clk 0:06:45]} hxg4
{[%clk 0:34:01]} 47. Be5 {[%clk 0:04:28]} 1/2-1/2

[Event "WCO2014"]
[Site "Tromso"]
[Date "2014.08.09"]
[Round "7.47"]
[WhiteID "16400216"]
[White "Agbor Ebot John"]
[BlackID "6002072"]
[Black "Yang Robert Michael"]
[Result "0-1"]
[LiveChessVersion "1.4.3"]
[BlackElo "1945"]
[WhiteElo "1931"]

1. d4 {[%clk 1:30:52]} Nf6 {[%clk 1:30:55]} 2. Nf3 {[%clk 1:31:16]} e6
{[%clk 1:31:20]} 3. c4 {[%clk 1:31:07]} Bb4+ {[%clk 1:31:45]} 4. Bd2
{[%clk 1:31:11]} Qe7 {[%clk 1:32:00]} 5. Nc3 {[%clk 1:31:17]} b6 {[%clk 1:32:08]}
6. Bg5 {[%clk 1:30:10]} Ba6 {[%clk 1:28:56]} 7. e3 {[%clk 1:29:41]} h6
{[%clk 1:26:06]} 8. Bxf6 {[%clk 1:29:38]} Qxf6 {[%clk 1:26:20]} 9. Be2
{[%clk 1:28:25]} Bxc3+ {[%clk 1:19:06]} 10. bxc3 {[%clk 1:28:47]} Nc6
{[%clk 1:19:01]} 11. O-O {[%clk 1:26:32]} O-O {[%clk 1:18:05]} 12. Nd2
{[%clk 1:25:07]} Na5 {[%clk 1:13:16]} 13. f4 {[%clk 1:23:52]} d5 {[%clk 1:11:56]}
14. c5 {[%clk 1:21:17]} Bxe2 {[%clk 1:05:31]} 15. Qxe2 {[%clk 1:21:34]} Rfb8
{[%clk 1:00:40]} 16. Rab1 {[%clk 1:16:11]} Qf5 {[%clk 0:50:47]} 17. e4
{[%clk 1:14:02]} dxe4 {[%clk 0:49:16]} 18. Nxe4 {[%clk 1:12:29]} bxc5
{[%clk 0:48:27]} 19. g4 {[%clk 1:06:44]} Qg6 {[%clk 0:46:20]} 20. Rxb8+
{[%clk 0:59:51]} Rxb8 {[%clk 0:46:47]} 21. Nxc5 {[%clk 1:00:08]} h5
{[%clk 0:44:00]} 22. g5 {[%clk 0:58:08]} Qf5 {[%clk 0:34:05]} 23. Nd7
{[%clk 0:50:48]} Rb1 {[%clk 0:28:34]} 24. Ne5 {[%clk 0:45:43]} Rxf1+
{[%clk 0:27:19]} 25. Qxf1 {[%clk 0:45:38]} f6 {[%clk 0:18:21]} 26. gxf6
{[%clk 0:39:48]} gxf6 {[%clk 0:18:25]} 27. Qg2+ {[%clk 0:39:11]} Kh7
{[%clk 0:17:20]} 28. Nd7 {[%clk 0:38:09]} Nc4 {[%clk 0:12:39]} 29. Qe4
{[%clk 0:35:23]} Qg6+ {[%clk 0:10:22]} 30. Kf2 {[%clk 0:34:59]} Kh6
{[%clk 0:05:42]} 31. Qxg6+ {[%clk 0:15:47]} Kxg6 {[%clk 0:06:10]} 32. Nc5
{[%clk 0:15:01]} Kf5 {[%clk 0:05:41]} 33. Kf3 {[%clk 0:10:38]} Nd2+
{[%clk 0:03:23]} 34. Ke2 {[%clk 0:09:17]} Ne4 {[%clk 0:03:20]} 35. Kf3
{[%clk 0:04:50]} Nxc5 {[%clk 0:02:20]} 36. dxc5 {[%clk 0:04:56]} h4
{[%clk 0:02:40]} 37. h3 {[%clk 0:03:29]} e5 {[%clk 0:03:00]} 38. fxe5
{[%clk 0:02:52]} fxe5 {[%clk 0:03:28]} 39. c6 {[%clk 0:02:36]} e4+
{[%clk 0:03:50]} 40. Ke3 {[%clk 0:02:35]} Ke5 {[%clk 0:03:53]} 41. a3
{[%clk 0:01:15]} Kf5 {[%clk 0:04:10]} 42. a4 {[%clk 0:00:38]} Ke5
{[%clk 0:03:08]} 43. a5 {[%clk 0:00:54]} Kf5 {[%clk 0:03:29]} 44. a6
{[%clk 0:00:51]} Ke5 {[%clk 0:03:49]} 45. Ke2 {[%clk 0:00:37]} Kf4
{[%clk 0:04:08]} 46. Kf2 {[%clk 0:00:52]} e3+ {[%clk 0:04:10]} 47. Ke2
{[%clk 0:00:50]} Ke4 {[%clk 0:04:28]} 48. c4 {[%clk 0:26:53]} Kf4
{[%clk 0:35:24]} 49. c5 {[%clk 0:27:00]} Ke4 {[%clk 0:35:49]} 50. Ke1
{[%clk 0:27:14]} Kf3 {[%clk 0:36:10]} 51. Kf1 {[%clk 0:27:30]} Kg3
{[%clk 0:36:32]} 52. Ke2 {[%clk 0:27:17]} Kxh3 {[%clk 0:36:54]} 53. Kxe3
{[%clk 0:27:37]} Kg2 {[%clk 0:37:17]} 54. Ke4 {[%clk 0:25:11]} h3
{[%clk 0:37:38]} 55. Ke5 {[%clk 0:25:24]} h2 {[%clk 0:38:04]} 56. Ke6
{[%clk 0:25:46]} h1=Q 57. Kd7 Qh7+ {[%clk 0:37:52]} 58. Kc8 {[%clk 0:25:27]} Qe7
{[%clk 0:37:58]} 0-1